00452nam a2200121Ia 4500008004100000245013700041260003500178260000900213300000800222500002100230650001300251856006600264170516s9999 xx 000 0 und d aDermal delivery of drugs using different vesicular carriers: A comparative review Saahil Arora, Harleen Singh Lamba, Ravindra Tiwari bAsian Journal of Pharmaceutics c2012 a6:4 aOctober-November xPharmacy uhttp://www.asiapharmaceutics.info/index.php/ajp/issue/view/30